| 000 | 00333cam a22001217a 4500 | ||
|---|---|---|---|
| 008 | 180718b1988 xxu||||| |||| 00| 0 eng d | ||
| 082 | _aC41x54 M884 | ||
| 100 | _aMudliar, T.D. | ||
| 245 |
_aProperty: a constitutional right _cby T.D. Mudliar |
||
| 260 |
_aMeerut _bSarup _c1988 |
||
| 300 | _a248p. | ||
| 650 | _aRight of property --India | ||
| 999 |
_c349746 _d349746 |
||